| 000 | 006116161a2200181 4500 | ||
|---|---|---|---|
| 005 | 20140412111306.0 | ||
| 008 | 140211s1991 xx 000 0 und d | ||
| 020 | _a0-8234-0863-9 | ||
| 050 |
_aTR(PS E _bSt7 1991 |
||
| 100 | _aStewig, John W. | ||
| 245 |
_aStone soup / _cadapted by John Warren Stewig; illustrated by Margot Tomes. |
||
| 250 | _a1st Ed. | ||
| 260 |
_aNew York : _bHoliday House, _c1991. |
||
| 300 | _a1v. (unp.) ; ill. | ||
| 520 | _aA clever lass, in need of a meal, shows some stingy villagers how to make soup starting with a magic stone. | ||
| 650 | _aFolklore-France | ||
| 999 |
_c103682 _d103682 |
||